Responses for show #3763 - Wednesday, January 3, 2001

Contestants

Josh Adam, a landscape painter from Castine, Maine

Sara Buckhold, a college student from St. Louis, Missouri

Richard Kolostian, an attorney from Los Angeles, California (whose 3-day cash winnings total $24,197)

Jeopardy! Round responses

STREET SMARTS
DRUGS
FRIENDS
ROMANS
COUNTRYMEN
(Alex: All of the clues have to do with men and women who have a country in their name--think about that.)
LEND ME YOUR MOUSEKETEER EARS
    $100 6
Pennsylvania Avenue

Richard
    $100 11
Polio

Richard
    $100 12
John Lennon & Paul McCartney

Richard
    $100 26
Chariots

Richard
    $100 1
Michael Jordan

Richard
    $100 17
Annette Funicello

Sara
    $200 7
Paris

Richard
    $200 22
Novocaine

Sara
    $200 13
Diamonds

Richard
    $200 27
Gladiator school

Josh
    $200 2
Cuba Gooding, Jr.

Richard
    $200 18
Keri Russell

Richard
    $300 8
Madison Avenue

Josh
    $300 23
Hypodermic needle

Richard
    $300 14
(S: Who was Caesar?)

Mark Antony (after the death of Caesar)

RichardSara
    $300 28
March

Richard
    $300 3
Kathy Ireland

Richard
    $300 19
[ERRATUM: Her actual hometown is Kentwood, Louisiana; "Plantwood" does not exist.]

Britney Spears

Sara
    $400 9
New Jersey

Sara
    $400 24
Placebo

Josh
    $400 15
When Harry Met Sally...

Richard
    $400 29
The Forum

Josh
    $400 4
Chad Lowe

Josh
    $400 20
Drums

Triple Stumper
    $500 10
Wilderness Road

Josh
    $500 25
AZT

Richard
    $500 16
Maeve Binchy

Sara
    $900 30
(J: I don't know.)

Vulgar Latin

Josh
    $500 5
(J: Who is Sharansky?)

France

Josh
Triple Stumper
    $500 21
Lisa Whelchel

Richard

Scores at the first commercial break (after clue 16):

Richard Sara Josh
$2,000 $600 $700

Scores at the end of the Jeopardy! Round:

Richard Sara Josh
$3,900 $1,200 $800

Double Jeopardy! Round responses

SCIENCE & NATURE
TV TITLE ROLES
(Alex: You have to name the actor.)
NORTHWESTERN INDIANS
"N" TICING
FUN DATES
REALLY BAD DATES
    $200 30
Hyena

Richard
    $200 2
Kelsey Grammer

Josh
    $200 24
Totem poles

Josh
    $200 8
Nicotine

Richard
    $200 19
(S: What is May Day?)

Valentine's Day

Sara
Triple Stumper
    $200 13
(S: What is a sales tax?)

Income tax

RichardSara
    $400 1
Gold, silver & platinum

Richard
    $400 4
(S: No response)
(R: Who is George Wendt?)
...
(Alex: George Wendt played Norm on Cheers, but the character didn't have his own show.)

Norm Macdonald

RichardSara
Triple Stumper
    $400 25
Canoes

Sara
    $400 9
Noose

Richard
    $400 20
Shamrock

Sara
    $400 14
Los Alamos

Richard
    $600 3
Xenon

Richard
    $600 5
Melissa Joan Hart

Sara
    $600 26
Whaling

Josh
    $600 10
Nurse shark

Richard
    $600 21
Presidents' Day/Washington's Birthday

Richard
    $600 15
New York

Sara
    $800 18
Testosterone

Richard
    $800 6
Ben Savage

Sara
    $1,800 27
Yakima

Josh
    $800 11
Nepotism

Richard
    $800 22
Cinco de Mayo

Sara
    $1,000 16
Pancho Villa

Sara
    $1000 29
Pressure (exerted on it)

Triple Stumper
    $1000 7
Christina Applegate

Richard
    $1000 28
Potlatch

Triple Stumper
    $1000 12
Nagano

Richard
    $1000 23
Arbor Day

Richard
    $1000 17
Black Hole of Calcutta

Josh

Scores at the end of the Double Jeopardy! Round:

Richard Sara Josh
$11,700 $5,000 $4,600
(lock game)

[wagering suggestions for these scores]

Final Jeopardy! Round responses

BROADWAY MUSICALS
(Alex: My Fair Lady not based on Shakespeare.)
JoshWhat is As you like it?
$1,600
SaraWhat is West Side
$5,000
RichardWhat is "My Fair Lady?"
$0
Kiss Me, Kate

Final scores:

Richard Sara Josh
$11,700 $0 $3,000
4-day champion: $35,897 3rd place: Soloflex Home Gym & Weights 2nd place: Trip to Club Med, Mexico

Game dynamics:

Coryat scores:

Richard Sara Josh
$11,700 $4,800 $4,500
30 R,
1 W
12 R
(including 1 DD),
4 W
11 R
(including 1 DD),
2 W
(including 1 DD)

Combined Coryat: $21,000

The J! Archive is created by fans, for fans. The Jeopardy! game show and all elements thereof, including but not limited to copyright and trademark thereto, are the property of Jeopardy Productions, Inc. and are protected under law. This website is not affiliated with, sponsored by, or operated by Jeopardy Productions, Inc. Join the discussion at JBoard.tv.